000 00276nam a2200109Ia 4500
008 190216s9999||||xx |||||||||||||| ||und||
100 _aSupraba Jha
245 0 _aHindi-Chatigarh Ke Pantigeet Aur Baba Guru Khasidas
260 _bKarshakyog Pub
650 _aHindi
942 _cBK
999 _c15551
_d15551